| 000 | 00619cam a2200217 a 4500 | ||
|---|---|---|---|
| 020 | _a0070122008 | ||
| 040 | _cDLC | ||
| 082 | _a590 HIL 2000 A008 Or. | ||
| 100 | 1 | _aHickman, Cleveland P., | |
| 245 | 1 | 0 | _aAnimal diversity / |
| 250 | _a2nd ed. | ||
| 260 |
_aBoston : _bMcGraw-Hill, _cc2000. |
||
| 300 |
_axv, 429 p. : _bcol. ill. ; _c28 cm. |
||
| 650 | 0 | _aZoology. | |
| 650 | 0 | _aAnimal diversity. | |
| 700 | 1 | _aRoberts, Larry S., | |
| 700 | 1 | _aLarson, Allan. | |
| 856 | 4 | 2 | _uhttp://www.loc.gov/catdir/description/mh023/99014463.html |
| 856 | 4 | 1 | _uhttp://www.loc.gov/catdir/toc/mh023/99014463.html |
| 942 | _cEK | ||
| 999 |
_c17092 _d17092 |
||